Youtubeurs Québecois - Statistiques

Statistiques générales
  • Ce quiz a été pris 256 fois
  • Le résultat moyen est 2 sur 7
Statistiques - réponses
nombre
d'abonnés
Nom de leur chaîne % Correct
820 k Gurky
73%
2,33 M Polo
49%
720 k ADAM
19%
1,04 M Carl is cooking
12%
901 k HUBY
11%
145 k Danick Martineau
8%
139 k Le Jeu C'est Sérieux
2%
Aucun quiz correspondant
Distribution des résultats
% des personnes avec chaque résultat
Percentile par nombre de réponses
Votre historique - résultats
Vous n’avez pas pris ce quiz